| 000 | 00573 a2200205 4500 | ||
|---|---|---|---|
| 005 | 20260430150917.0 | ||
| 008 | 260430b |||||||| |||| 00| 0 eng d | ||
| 020 |
_a9788120417120 _cRs. 525.00 |
||
| 040 | _aMAIN | ||
| 082 |
_a363.7 _bR18W(3) |
||
| 100 | _aRao, M Narayan | ||
| 245 | _aWaste water treatment: Rational methods of design and industrial practices | ||
| 250 | _a3rd | ||
| 260 |
_bCBS Publishers _c2025 _aNew Delhi |
||
| 300 | _axii, 388 | ||
| 650 | _aWaste Water Treatment | ||
| 650 | _aEnvironmental Science | ||
| 700 | _aDatta, Amal K | ||
| 942 | _cBK | ||
| 999 |
_c395741 _d395741 |
||